|
|
|
|
| LEADER |
00000nam#a22000001ab4500 |
| 001 |
00005450 |
| 003 |
AR-BaUAD |
| 005 |
20230908141143.0 |
| 008 |
940930s1951####sp#||||##||||||||#||spa|d |
| 040 |
|
|
|a AR-BaUAD
|b spa
|c AR-BaUAD
|
| 041 |
|
|
|a spa
|
| 044 |
|
|
|c es
|2 ISO3166-1
|
| 100 |
1 |
|
|a Burckhardt, Jakob Christoph
|
| 245 |
1 |
3 |
|a La cultura del renacimiento en Italia /
|c tr. del alemán por Jaime Ardal, rev. y anotada por J. Bofill y Ferro
|
| 260 |
|
|
|a Barcelona :
|b Iberia,
|c 1951
|
| 300 |
|
|
|a 509 p.
|
| 490 |
|
|
|a Obras maestras
|
| 504 |
|
|
|a Notas bibliográficas de pie de página.
|
| 653 |
|
|
|a HISTORIA
|
| 653 |
|
|
|a ARTE
|
| 653 |
|
|
|a RENACIMIENTO
|
| 653 |
|
|
|a HISTORIA
|
| 653 |
|
|
|a CULTURA
|
| 653 |
|
|
|a ITALIA
|
| 655 |
|
|
|a TEXTO
|
| 852 |
|
|
|c 40-3
|
| 952 |
|
|
|0 0
|1 0
|4 0
|6 403
|7 0
|9 21272
|a AR-BaUAD
|b AR-BaUAD
|d 0000-00-00
|e compra Ateneo
|g 120.00
|i 5450
|l 0
|o 40-3
|p qyde95450
|r 2023-09-08 14:11:43
|w 2023-09-08
|y BK
|
| 990 |
|
|
|a Ej. No1 : 5450 . 31/12/1956 -- compra Ateneo -- (120 pesos).
|b ADM
|
| 990 |
|
|
|a 1802
|b OS
|
| 990 |
|
|
|a 6956
|b OS
|
| 990 |
|
|
|a A195
|b TD
|
| 990 |
|
|
|a AAQ00005450
|b CC
|
| 998 |
|
|
|a AAQ
|b Bibun 76
|
| 942 |
|
|
|c BK
|
| 999 |
|
|
|c 9040
|d 9040
|